书目信息 |
| 题名: |
电力要先行 上
|
|
| 作者: | 李鹏 , 李鹏 著 | |
| 分册: | ||
| 出版信息: | 北京 中国电力出版社 2005.06 |
|
| 页数: | 539页 | |
| 开本: | 23cm | |
| 丛书名: | ||
| 单 册: | ||
| 中图分类: | F426.61 , K827=76 | |
| 科图分类: | ||
| 主题词: | 电力工业--概况--中国--1979~2005 | |
| 电子资源: | ||
| ISBN: | 7-5083-3418-3 | |
| 000 | 00921nam0 2200289 450 | |
| 001 | 0104000024 | |
| 005 | 20060515115123.1 | |
| 010 | @a7-5083-3418-3@dCNY53.33 | |
| 100 | @a20081125d2005 ekmy0chiy0120 ea | |
| 101 | 0 | @achi |
| 102 | @aCN@b110000 | |
| 105 | @aaf z 000yd | |
| 106 | @ar | |
| 200 | 1 | @a电力要先行 上@Adian li yao xian xing shang@e李鹏电力日记@ELi Peng Dian Li Ri Ji@f李鹏 |
| 210 | @a北京@c中国电力出版社@d2005.06 | |
| 215 | @a539页@c图@d23cm | |
| 330 | @a本书以李鹏的日记为主体,加上日记说明、讲话和文章摘要、新闻报道及其它,均按时间顺序排列编辑而成的。 | |
| 517 | 1 | @a李鹏电力日记@ALi Peng Dian Li Ri Ji |
| 600 | 0 | @a李鹏@f(1928~)@x日记 |
| 606 | 0 | @a电力工业@x概况@y中国@z1979~2005 |
| 690 | @aF426.61@v4 | |
| 690 | @aK827=76@v4 | |
| 701 | 0 | @a李鹏@ALi Peng@4著 |
| 701 | 0 | @a李鹏@Ali peng |
| 801 | 0 | @aCN@bHTDF@c20081125 |
| 905 | @aBZT@dF426.61@e9-1@f10 | |
| 906 | @dCNY53.33@n0@r1 | |
| 电力要先行 上:李鹏电力日记/李鹏.-北京:中国电力出版社,2005.06 |
| 539页:图;23cm |
| ISBN 7-5083-3418-3:CNY53.33 |
| 本书以李鹏的日记为主体,加上日记说明、讲话和文章摘要、新闻报道及其它,均按时间顺序排列编辑而成的。 |
| ● |
| 相关链接 |
|
|
|
正题名:电力要先行 上
索取号:F426.61/9-1
 
预约/预借
| 序号 | 登录号 | 条形码 | 馆藏地/架位号 | 状态 | 备注 |
| 1 | 721432 | 2000721432 | 中心书库北库/ 北库017架B面3列6层5/ [索取号:F426.61/9-1] | 在馆 | |
| 2 | 721433 | 2000721433 | 中心书库北库/ 北库017架B面3列6层7/ [索取号:F426.61/9-1] | 在馆 | |
| 3 | 721434 | 2000721434 | 中心书库北库/ 北库017架B面3列6层30/ [索取号:F426.61/9-1] | 在馆 | |
| 4 | 721435 | 2000721435 | 中心书库北库/ 北库017架B面3列6层11/ [索取号:F426.61/9-1] | 在馆 | |
| 5 | 721436 | 2000721436 | 中心书库北库/ 北库017架B面3列6层9/ [索取号:F426.61/9-1] | 在馆 | |
| 6 | 721437 | 2000721437 | 中心书库北库/ 北库017架B面3列6层24/ [索取号:F426.61/9-1] | 在馆 | |
| 7 | 721438 | 2000721438 | 中心书库北库/ 北库017架B面3列6层6/ [索取号:F426.61/9-1] | 在馆 | |
| 8 | 721439 | 2000721439 | 中心书库北库/ 北库017架B面3列6层12/ [索取号:F426.61/9-1] | 在馆 | |
| 9 | 721440 | 2000721440 | 中心书库北库/ 北库017架B面3列6层14/ [索取号:F426.61/9-1] | 在馆 | |
| 10 | 721441 | 2000721441 | 中心书库北库/ 北库017架B面3列6层8/ [索取号:F426.61/9-1] | 在馆 |